000
00213nam a22000857a 4500
008
170228b xxu||||| |||| 00| 0 eng d
100
_9
2944
_a
Gupta.N
245
_a
Accountancy XII
260
_a
New Delhi
_b
Dhanpat rai
_c
2012
999
_c
6186
_d
6186